00233nam a2200109Ia 4500008004100000082001200041082000800053245002300061245001500084260001500099300000900114231017s9999 xx 000 0 und d a625.705 bWOR 0aRoads and Highways 0cWorld Bank bWorld Bank c30cm